[Event "C.to Regionale Sicilia"]
[Site "Marsala ITA"]
[Date "2011.06.04"]
[Round "4"]
[White "Bentivegna, Francesco"]
[Black "La Bella, Roberto"]
[Result "1-0"]
[WhiteElo "2317"]
[BlackElo "2168"]
[PlyCount "111"]
[EventDate "2011.06.01"]

1. e4 e5 2. Nf3 Nc6 3. Nc3 Nf6 4. Bb5 Bb4 5. O-O O-O 6. d3 d6 7. Bg5 Bxc3 8.
bxc3 Qe7 9. Re1 Nd8 10. d4 Ne6 11. Bd2 c6 12. Bd3 Qc7 13. Ng5 c5 14. Nxe6 Bxe6
15. Bg5 Ne8 16. d5 Bc8 17. c4 h6 18. Bd2 Nf6 19. h3 Qe7 20. a4 Bd7 21. Ra3 Rae8
22. f4 Bc8 23. a5 exf4 24. e5 dxe5 25. Bxf4 Nd7 26. Bc1 f5 27. Bb2 e4 28. Bf1
Qg5 29. d6 f4 30. Qd5+ Kh7 31. Rxe4 Qxd5 32. cxd5 Rxe4 33. Bd3 Rfe8 34. Ra4 Nf6
35. Bxf6 gxf6 36. Rxe4 Rxe4 37. Bxe4+ f5 38. Bd3 Bd7 39. Kf2 Kg6 40. Kf3 Kg5
41. h4+ Kf6 42. Kxf4 b5 43. axb6 axb6 44. Ba6 b5 45. Bb7 Kf7 46. Ke5 b4 47. Ba6
Ba4 48. Bd3 c4 49. Bxf5 b3 50. cxb3 cxb3 51. g4 b2 52. g5 hxg5 53. hxg5 Bd7 54.
Bb1 Kg7 55. Kd4 Kf7 56. Kc3 {...} 1-0

[Event "C.to Regionale Sicilia"]
[Site "Marsala ITA"]
[Date "2011.06.04"]
[Round "4"]
[White "Bertino, Giacomo"]
[Black "Virgitto, Orazio"]
[Result "0-1"]
[WhiteElo "1991"]
[BlackElo "1671"]
[PlyCount "92"]
[EventDate "2011.06.01"]

1. e4 e6 2. d4 d5 3. Bd3 Nf6 4. e5 Nfd7 5. Nf3 c5 6. c3 Nc6 7. O-O Qb6 8. Bc2
Be7 9. Re1 cxd4 10. cxd4 Ndb8 11. a3 Na5 12. Nbd2 Qc7 13. b4 Nc4 14. Nxc4 Qxc4
15. Bd3 Qc7 16. Bd2 Bd7 17. Rc1 Qb6 18. Qb3 Nc6 19. Qb2 Rc8 20. b5 O-O 21. Qb1
Nxd4 22. Bxh7+ Kh8 23. Nxd4 Qxd4 24. Rcd1 Qh4 25. Bd3 Bc5 26. Be3 Kg8 27. Bxc5
Rxc5 28. Re3 Rfc8 29. Rh3 Qf4 30. Re3 Qg5 31. a4 Qf4 32. a5 Qa4 33. a6 b6 34.
Ree1 Bxb5 35. Bxb5 Qxb5 36. Qa1 Rc2 37. Qa3 Qc5 38. Qg3 Rc1 39. h4 Rxd1 40.
Rxd1 Qc2 41. Rd3 Qe2 42. Rf3 Rc1+ 43. Kh2 Qf1 44. Kh3 Qh1+ 45. Kg4 Rc4+ 46. Kg5
Qc1+ 0-1

[Event "C.to Regionale Sicilia"]
[Site "Marsala ITA"]
[Date "2011.06.04"]
[Round "4"]
[White "Calamia, Gianpaolo"]
[Black "Meo, Antonino"]
[Result "1/2-1/2"]
[WhiteElo "1491"]
[BlackElo "1599"]
[PlyCount "96"]
[EventDate "2011.06.01"]

1. e4 e5 2. Nf3 Nf6 3. d4 d5 4. dxe5 Nxe4 5. Bd3 Nc6 6. Bxe4 dxe4 7. Qxd8+ Kxd8
8. Ng5 Nxe5 9. Bf4 Ng6 10. Nxf7+ Ke8 11. Nxh8 Nxf4 12. O-O Bf5 13. Nd2 Bd6 14.
Nxe4 Bxe4 15. Rfe1 Nd5 16. Rxe4+ Kf8 17. Rae1 Nf6 18. R4e2 Kg8 19. Ng6 hxg6 20.
c3 Kf7 21. g3 Rh8 22. f3 Nd7 23. Kg2 Nc5 24. Rd1 a5 25. Rd4 Re8 26. Rxe8 Kxe8
27. Rd2 a4 28. Re2+ Kf7 29. Rd2 Ke8 30. Re2+ Kd7 31. Rd2 Na6 32. Rd4 b5 33. Rg4
Nc5 34. Rd4 Ke6 35. Kf1 Be5 36. Rd2 g5 37. Ke2 Bd6 38. Rd4 Be5 39. Rd2 a3 40.
Kf1 Na4 41. bxa3 Bxc3 42. Rd3 c5 43. Ke2 c4 44. Rd8 Bb2 45. Kd2 Bxa3 46. Kc2
Kf5 47. Rd5+ Kf6 48. Rxb5 Be7 1/2-1/2

[Event "C.to Regionale Sicilia"]
[Site "Marsala ITA"]
[Date "2011.06.04"]
[Round "4"]
[White "Campo, Renato"]
[Black "Piazza, Dario"]
[Result "1-0"]
[WhiteElo "1984"]
[BlackElo "1751"]
[PlyCount "29"]
[EventDate "2011.06.01"]

1. d4 d6 2. e4 Nf6 3. Nc3 c6 4. f4 Qa5 5. Bd3 e5 6. Nf3 Bg4 7. Be3 Nbd7 8. O-O
Be7 9. h3 exf4 10. Bxf4 Bh5 11. Qe1 O-O-O 12. Nd5 Qxe1 13. Nxe7+ Kc7 14. Raxe1
Bxf3 15. Rxf3 1-0

[Event "C.to Regionale Sicilia"]
[Site "Marsala ITA"]
[Date "2011.06.04"]
[Round "4"]
[White "Colicchia, Michele"]
[Black "Piazza, Francesco"]
[Result "1/2-1/2"]
[WhiteElo "1415"]
[BlackElo "1551"]
[PlyCount "75"]
[EventDate "2011.06.01"]

1. e4 d6 2. d4 Nf6 3. Nc3 c6 4. Be2 e5 5. dxe5 dxe5 6. Bg5 Be7 7. Qxd8+ Bxd8 8.
Nf3 Nbd7 9. Rd1 O-O 10. Bc4 Re8 11. O-O Nc5 12. h3 h6 13. Bh4 b5 14. Be2 Bb7
15. b4 Ncxe4 16. Nxe4 Nxe4 17. Bxd8 Raxd8 18. Rxd8 Rxd8 19. Nxe5 Nc3 20. Bf3
Nxa2 21. Bxc6 f6 22. Bxb7 fxe5 23. Ba6 Nxb4 24. Bxb5 Nxc2 25. Rc1 Nd4 26. Rc5
Nxb5 27. Rxb5 Re8 28. Ra5 Re7 29. f3 h5 30. g3 Kh7 31. Kf2 Kh6 32. Ke3 g6 33.
Ke4 Kg7 34. Ra6 Kh7 35. Kd5 Kg7 36. h4 Kf7 37. Ke4 Kg7 38. Kd5 1/2-1/2

[Event "C.to Regionale Sicilia"]
[Site "Marsala ITA"]
[Date "2011.06.04"]
[Round "4"]
[White "Ferrante, Filippo"]
[Black "Marino, Davide"]
[Result "0-1"]
[WhiteElo "1606"]
[BlackElo "1529"]
[PlyCount "88"]
[EventDate "2011.06.01"]

1. Nf3 d5 2. g3 Nf6 3. Bg2 e6 4. O-O c6 5. d3 Bd6 6. Nbd2 O-O 7. e4 e5 8. c3
Nbd7 9. a4 dxe4 10. dxe4 Nc5 11. Qc2 Be6 12. b4 Ncd7 13. Bb2 Ng4 14. Rfd1 Qc7
15. Nf1 Rad8 16. Bh3 h6 17. Bg2 f5 18. h3 fxe4 19. Qxe4 Bf5 20. Qe2 Ngf6 21.
Rd2 Ne4 22. Rdd1 g5 23. N3d2 Nxd2 24. Rxd2 Nf6 25. Rad1 e4 26. Ne3 Bg6 27. Ng4
Nxg4 28. Qxg4 Qe7 29. h4 e3 30. fxe3 Qxe3+ 31. Kh2 Bf5 32. Qf3 Qe6 33. hxg5 Bg4
34. Qe4 Qxe4 35. Bxe4 Bxd1 36. Rxd1 Bxg3+ 37. Kxg3 Rxd1 38. c4 hxg5 39. b5 cxb5
40. axb5 b6 41. Bd5+ Kh7 42. Kg4 Kh6 43. Ba3 Rf4+ 44. Kg3 Rd3+ 0-1

[Event "C.to Regionale Sicilia"]
[Site "Marsala ITA"]
[Date "2011.06.04"]
[Round "4"]
[White "Gueci, Laura"]
[Black "Savalla, Pietro"]
[Result "1-0"]
[WhiteElo "1789"]
[BlackElo "1790"]
[PlyCount "65"]
[EventDate "2011.06.01"]

1. e4 e5 2. Nf3 d6 3. d4 exd4 4. Nxd4 Nf6 5. Nc3 Be7 6. Be2 O-O 7. Be3 Nc6 8.
f3 Nxd4 9. Bxd4 Be6 10. Qd2 Nd7 11. O-O-O Bf6 12. Bxf6 Qxf6 13. g4 Nb6 14. f4
Nc4 15. g5 Qe7 16. Bxc4 Bxc4 17. h4 f6 18. Rdg1 Kh8 19. h5 Bg8 20. h6 g6 21. f5
gxf5 22. exf5 fxg5 23. Rxg5 Qe5 24. Rf1 Rae8 25. Qg2 Qe3+ 26. Qd2 Qe5 27. Rgg1
Rxf5 28. Re1 Qc5 29. Ne4 Rxe4 30. Rxg8+ Kxg8 31. Qg2+ Rg5 32. Qxe4 Qc6 33. Qe6+
1-0

[Event "C.to Regionale Sicilia"]
[Site "Marsala ITA"]
[Date "2011.06.04"]
[Round "4"]
[White "La Bella, Noemi"]
[Black "Messina, Pierluigi"]
[Result "1/2-1/2"]
[WhiteElo "1431"]
[BlackElo "1392"]
[PlyCount "82"]
[EventDate "2011.06.01"]

1. e4 e5 2. Nf3 Nf6 3. Nc3 Nc6 4. Bc4 Bc5 5. O-O d6 6. h3 O-O 7. d3 h6 8. Be3
Nd4 9. Nd5 c6 10. Nb4 a5 11. c3 Nxf3+ 12. Qxf3 axb4 13. cxb4 Bxb4 14. a3 Ba5
15. Rfd1 d5 16. exd5 cxd5 17. Bb3 Be6 18. d4 e4 19. Qf4 Bc7 20. Qh4 g6 21. Qxh6
Bd7 22. Bg5 Bb5 23. Qh4 Qd6 24. g3 Bd8 25. Bf4 Qc6 26. Rac1 Nh7 27. Rxc6 Bxh4
28. Rb6 Bxg3 29. fxg3 Ba6 30. Bxd5 Nf6 31. Bxb7 Bxb7 32. Rxb7 Nd5 33. Re1 Nxf4
34. gxf4 Rab8 35. Rxb8 Rxb8 36. Rxe4 Rxb2 37. d5 Rd2 38. Re5 f6 39. Re6 Kf7 40.
Re1 Rxd5 41. Ra1 Ke6 1/2-1/2

[Event "C.to Regionale Sicilia"]
[Site "Marsala ITA"]
[Date "2011.06.04"]
[Round "4"]
[White "Maggio, Baldassare"]
[Black "Fasino, Salvatore"]
[Result "0-1"]
[WhiteElo "1503"]
[BlackElo "1631"]
[PlyCount "98"]
[EventDate "2011.06.01"]

1. d4 Nf6 2. c4 g6 3. Nc3 Bg7 4. e4 d6 5. Bd3 O-O 6. f4 Nbd7 7. Nf3 c5 8. d5
Qc7 9. O-O a6 10. Rb1 Rb8 11. Bd2 Re8 12. a3 Nf8 13. h3 N6d7 14. Nh4 e6 15. b4
b6 16. b5 a5 17. Re1 Bb7 18. Qg4 Nf6 19. Qf3 Qd8 20. g3 exd5 21. exd5 Bc8 22.
Kh2 N8d7 23. Rxe8+ Nxe8 24. Re1 Bd4 25. Nd1 Ng7 26. Bc3 Qf6 27. Bc2 Nf8 28. Re4
Bf5 29. Re2 Bxc2 30. Rxc2 Re8 31. Re2 Rxe2+ 32. Qxe2 Bxc3 33. Nxc3 Qxc3 34. Qe7
Nh5 35. Qg5 Qxc4 36. f5 Qxd5 37. g4 Qe5+ 38. Kg1 Qg3+ 39. Kf1 Qxh3+ 40. Kg1 Ng3
41. f6 Ne6 42. Qd5 Qxh4 43. Qf3 h6 44. Qa8+ Kh7 45. Qa7 Qh1+ 46. Kf2 Qh2+ 47.
Kf3 d5 48. Qxb6 Ne4 49. g5 Qf2+ 0-1

[Event "C.to Regionale Sicilia"]
[Site "Marsala ITA"]
[Date "2011.06.04"]
[Round "4"]
[White "Mancuso, Fabrizio"]
[Black "Occhipinti, Massimo"]
[Result "0-1"]
[WhiteElo "1512"]
[BlackElo "1987"]
[PlyCount "95"]
[EventDate "2011.06.01"]

1. e4 c5 2. Nf3 d6 3. Bb5+ Bd7 4. Bxd7+ Nxd7 5. d4 cxd4 6. Nxd4 Ngf6 7. Nc3 e6
8. O-O a6 9. Bg5 Be7 10. Re1 Qc7 11. a4 h6 12. Bd2 Ne5 13. Nf3 Nc4 14. Rb1 Nxd2
15. Qxd2 Nd7 16. Ra1 Nb6 17. Qd3 O-O 18. Ra3 Rfd8 19. Ne2 Bf6 20. c3 d5 21. Ng3
Nc4 22. Ra2 dxe4 23. Qxe4 Nd2 24. Qe3 Nxf3+ 25. Qxf3 Rd2 26. Ne4 Qc4 27. Nxf6+
gxf6 28. Qg3+ Kh7 29. Raa1 Rg8 30. Qe3 Rxb2 31. Qe4+ Qxe4 32. Rxe4 Rc8 33. Rb4
Rxb4 34. cxb4 Rc2 35. Rb1 Ra2 36. a5 Kg6 37. g3 Kf5 38. Kg2 Ke4 39. Re1+ Kd5
40. Rd1+ Kc6 41. Rc1+ Kd7 42. Rc4 Rb2 43. Rh4 f5 44. Rc4 Kd6 45. Rd4+ Ke7 46.
Kf3 e5 47. Rc4 Kf6 48. Rh4 0-1

[Event "C.to Regionale Sicilia"]
[Site "Marsala ITA"]
[Date "2011.06.04"]
[Round "4"]
[White "Melograni, Francesco"]
[Black "Gueci, Tea"]
[Result "1-0"]
[WhiteElo "1862"]
[BlackElo "1741"]
[PlyCount "81"]
[EventDate "2011.06.01"]

1. e4 c5 2. Nc3 a6 3. a4 Nc6 4. Nf3 e6 5. d4 cxd4 6. Nxd4 d5 7. exd5 exd5 8.
Be2 Nf6 9. O-O Bc5 10. Be3 Bb6 11. Bf3 O-O 12. Nce2 Ng4 13. Nxc6 bxc6 14. Bxb6
Qxb6 15. Qd4 Qxd4 16. Nxd4 Ne5 17. Be2 Bb7 18. Rfe1 Rfe8 19. f4 Nd7 20. Nf5 Nc5
21. Nd6 Re7 22. Bf3 Rd7 23. Nxb7 Rxb7 24. c4 Nd3 25. Re3 Nxf4 26. cxd5 Nxd5 27.
Re2 Rab8 28. Rc1 Rd7 29. Rxc6 Nb4 30. Rb6 Rd1+ 31. Kf2 Nd3+ 32. Kg3 Rf8 33.
Rxa6 f5 34. Re7 f4+ 35. Kh3 Nf2+ 36. Kh4 Rh1 37. h3 h6 38. Rg6 Rf6 39. Bd5+ Kf8
40. Rgxg7 Ra1 41. Ra7 1-0

[Event "C.to Regionale Sicilia"]
[Site "Marsala ITA"]
[Date "2011.06.04"]
[Round "4"]
[White "Oddo, Salvatore"]
[Black "Arnetta, Maria Teresa"]
[Result "0-1"]
[WhiteElo "1644"]
[BlackElo "2084"]
[PlyCount "40"]
[EventDate "2011.06.01"]

1. Nf3 d5 2. g3 Bg4 3. Bg2 Nc6 4. d3 Qd7 5. O-O Nf6 6. Re1 e5 7. Nbd2 Bc5 8. e4
dxe4 9. dxe4 O-O-O 10. c3 a6 11. Qc2 h6 12. b4 Ba7 13. Bb2 Bh3 14. Bh1 Ng4 15.
Re2 h5 16. a4 h4 17. Nf1 Bxf1 18. Rxf1 hxg3 19. Rd2 gxh2+ 20. Nxh2 Nxh2 0-1

[Event "C.to Regionale Sicilia"]
[Site "Marsala ITA"]
[Date "2011.06.04"]
[Round "4"]
[White "Savalla, Gianluca"]
[Black "Fontana, Giulio"]
[Result "0-1"]
[WhiteElo "1563"]
[BlackElo "1632"]
[PlyCount "188"]
[EventDate "2011.06.01"]

1. d4 e6 2. Nf3 c5 3. e3 Nf6 4. Bd3 Be7 5. Nbd2 d5 6. c3 Nc6 7. O-O O-O 8. e4
cxd4 9. cxd4 dxe4 10. Nxe4 Qb6 11. Bc2 Nxe4 12. Bxe4 Rd8 13. Bxc6 Qxc6 14. Re1
b6 15. b3 Bb7 16. Bb2 Bf6 17. Rc1 Qd5 18. h3 Rd7 19. Kh1 Rad8 20. Qe2 Qf5 21.
Rcd1 Bxf3 22. Qxf3 Qxf3 23. gxf3 Bxd4 24. Bxd4 Rxd4 25. Rxd4 Rxd4 26. Rc1 Kf8
27. Rc7 a5 28. Rc6 Rb4 29. Rc8+ Ke7 30. Rc7+ Kf6 31. Rc6 a4 32. bxa4 Rxa4 33.
Rxb6 Rxa2 34. Kg2 g5 35. Rb4 Kg6 36. Rc4 e5 37. Rb4 Rd2 38. Rb6+ f6 39. Rb4 h5
40. Kg3 Kf5 41. Ra4 Rd4 42. Ra3 h4+ 43. Kg2 Kf4 44. Rb3 f5 45. Ra3 g4 46. fxg4
fxg4 47. hxg4 Kxg4 48. f3+ Kf4 49. Rb3 Rd2+ 50. Kh3 Rf2 51. Rb4+ Kxf3 52. Rxh4
e4 53. Rh8 e3 54. Rf8+ Ke2 55. Re8 Rf7 56. Kg3 Kd2 57. Rd8+ Ke1 58. Re8 e2 59.
Kg2 Rf2+ 60. Kg1 Rf1+ 61. Kg2 Kd2 62. Rd8+ Kc3 63. Rc8+ Kd4 64. Rd8+ Kc5 65.
Rc8+ Kd6 66. Re8 e1=Q 67. Rxe1 Rxe1 68. Kf2 Re8 69. Kf3 Kd5 70. Kf2 Kd4 71. Kf1
Kd3 72. Kf2 Re7 73. Kf1 Kd2 74. Kf2 Rf7+ 75. Kg3 Ke3 76. Kg4 Rf8 77. Kg5 Rf1
78. Kg4 Rf2 79. Kg3 Rf8 80. Kg4 Ke4 81. Kg5 Rf1 82. Kg6 Ke5 83. Kg7 Ke6 84. Kg8
Ke7 85. Kg7 Rg1+ 86. Kh6 Kf7 87. Kh5 Kf6 88. Kh4 Kf5 89. Kh3 Kf4 90. Kh2 Rg8
91. Kh3 Rg7 92. Kh2 Kf3 93. Kh1 Kf2 94. Kh2 Rh7# 0-1

[Event "C.to Regionale Sicilia"]
[Site "Marsala ITA"]
[Date "2011.06.04"]
[Round "4"]
[White "Schembri, Roberto"]
[Black "Cerami, Giuseppe"]
[Result "1-0"]
[WhiteElo "1527"]
[BlackElo "1658"]
[PlyCount "51"]
[EventDate "2011.06.01"]

1. d4 Nf6 2. f3 d5 3. Nc3 e6 4. e4 Bb4 5. e5 Nfd7 6. Be3 c5 7. a3 cxd4 8. Bxd4
Bxc3+ 9. Bxc3 Nc6 10. f4 Qc7 11. Nf3 O-O 12. Bd3 f6 13. Nd4 Nxd4 14. Bxd4 fxe5
15. fxe5 Nc5 16. Be2 Bd7 17. Bf3 Bb5 18. Be2 Bxe2 19. Qxe2 Ne4 20. O-O-O a6 21.
Rdf1 Rxf1+ 22. Rxf1 b5 23. Qe3 Rc8 24. c3 Qc4 25. Qf3 a5 26. Qf7+ 1-0

[Event "C.to Regionale Sicilia"]
[Site "Marsala ITA"]
[Date "2011.06.04"]
[Round "4"]
[White "Tumbarello, Michele"]
[Black "Alcide, Fabio"]
[Result "1-0"]
[WhiteElo "1509"]
[BlackElo "1637"]
[PlyCount "39"]
[EventDate "2011.06.01"]

1. e4 e6 2. d4 d5 3. exd5 exd5 4. Bf4 Nf6 5. Nc3 c6 6. Bd3 Bd6 7. Qd2 O-O 8.
O-O-O Re8 9. f3 Qc7 10. Bxd6 Qxd6 11. g4 Na6 12. h4 g6 13. h5 Qe6 14. Kb1 Nb4
15. hxg6 fxg6 16. Bxg6 hxg6 17. Qh6 Kf7 18. Nh3 Ng8 19. Ng5+ Ke7 20. Qg7+ 1-0

[Event "C.to Regionale Sicilia"]
[Site "Marsala ITA"]
[Date "2011.06.04"]
[Round "4"]
[White "Valguarnera, Girolamo"]
[Black "Montalto, Antonio"]
[Result "1-0"]
[WhiteElo "2151"]
[BlackElo "1781"]
[PlyCount "75"]
[EventDate "2011.06.01"]

1. e4 e6 2. d4 d5 3. Nc3 Bb4 4. Nge2 dxe4 5. a3 Be7 6. Nxe4 Nf6 7. N2c3 Bd7 8.
Bd3 Bc6 9. Be3 Nbd7 10. O-O O-O 11. Qe2 Nxe4 12. Nxe4 Nf6 13. Nxf6+ Bxf6 14.
Rad1 Qd5 15. f3 Qh5 16. c4 Rad8 17. Qf2 Qh4 18. g3 Qh3 19. b4 b6 20. Be4 Bxe4
21. fxe4 Rd7 22. Qf3 Be7 23. d5 e5 24. c5 g6 25. Qe2 f5 26. d6 cxd6 27. Qc4+
Kg7 28. Qe6 Rb7 29. cxd6 Bh4 30. Qxe5+ Bf6 31. Qd5 Rd7 32. e5 Bh4 33. e6 Bxg3
34. Bd4+ Kh6 35. hxg3 Qxg3+ 36. Qg2 Qxg2+ 37. Kxg2 Rxd6 38. Be3+ 1-0

[Event "C.to Regionale Sicilia"]
[Site "Marsala ITA"]
[Date "2011.06.05"]
[Round "5"]
[White "Alcide, Fabio"]
[Black "La Bella, Noemi"]
[Result "1-0"]
[WhiteElo "1637"]
[BlackElo "1431"]
[PlyCount "55"]
[EventDate "2011.06.01"]

1. e4 e5 2. f4 Nc6 3. fxe5 Nxe5 4. d4 Ng6 5. Nf3 d5 6. e5 f6 7. Bd3 N6e7 8. Qe2
Bg4 9. O-O fxe5 10. dxe5 Qd7 11. h3 Bxf3 12. Qxf3 O-O-O 13. Bg5 g6 14. Qxf8 Qe6
15. Qf4 h6 16. Bxe7 Nxe7 17. Qg4 Qxg4 18. hxg4 Rhe8 19. Nd2 Nc6 20. Bxg6 Rxe5
21. Rae1 Rg5 22. Bf5+ Kb8 23. Nf3 Rgg8 24. Re6 Rh8 25. Rfe1 a6 26. Kf2 Nb4 27.
a3 Nxc2 28. Bxc2 1-0

[Event "C.to Regionale Sicilia"]
[Site "Marsala ITA"]
[Date "2011.06.05"]
[Round "5"]
[White "Arnetta, Maria Teresa"]
[Black "Valguarnera, Girolamo"]
[Result "0-1"]
[WhiteElo "2084"]
[BlackElo "2151"]
[PlyCount "62"]
[EventDate "2011.06.01"]

1. e4 e5 2. Nf3 Nf6 3. Nc3 Nc6 4. Bb5 Nd4 5. Bc4 d5 6. Nxd5 b5 7. Nxf6+ Qxf6 8.
Be2 Nxe2 9. Qxe2 Rb8 10. Qe3 Qg6 11. O-O f6 12. Qxa7 Rb7 13. Qa8 Qg4 14. d4 Bd6
15. h3 Qd7 16. dxe5 fxe5 17. Qa5 O-O 18. Qc3 Qe8 19. Re1 Rb6 20. Be3 Rc6 21.
Qd3 Rxf3 22. gxf3 Bxh3 23. Bg5 Qg6 24. f4 Be6 25. Qg3 exf4 26. Qg2 f3 27. Qxf3
Qxg5+ 28. Kf1 Bc4+ 29. Re2 Qf4 30. Qh3 Bxe2+ 31. Kxe2 Rxc2+ 0-1

[Event "C.to Regionale Sicilia"]
[Site "Marsala ITA"]
[Date "2011.06.05"]
[Round "5"]
[White "Fasino, Salvatore"]
[Black "Gueci, Tea"]
[Result "0-1"]
[WhiteElo "1631"]
[BlackElo "1741"]
[PlyCount "48"]
[EventDate "2011.06.01"]

1. e4 c5 2. Nf3 d6 3. c3 Nf6 4. Be2 Nc6 5. Bb5 Bd7 6. Bd3 g6 7. O-O Bg7 8. Re1
Ng4 9. h3 Nge5 10. Bc2 Qc8 11. Kh2 O-O 12. Na3 a6 13. d4 cxd4 14. cxd4 Nxf3+
15. Qxf3 Nxd4 16. Qd3 b5 17. Rb1 d5 18. Bd1 dxe4 19. Qd2 Bf5 20. Nc2 e3 21.
Rxe3 Nxc2 22. Rc3 Bxc3 23. bxc3 Rd8 24. Qg5 Rxd1 0-1

[Event "C.to Regionale Sicilia"]
[Site "Marsala ITA"]
[Date "2011.06.05"]
[Round "5"]
[White "Fontana, Giulio"]
[Black "Montalto, Antonio"]
[Result "1-0"]
[WhiteElo "1632"]
[BlackElo "1781"]
[PlyCount "117"]
[EventDate "2011.06.01"]

1. d4 Nf6 2. f3 c5 3. d5 g6 4. e4 d6 5. c4 Bg7 6. Nc3 O-O 7. Be3 Nbd7 8. Qd2
Nh5 9. g4 Nhf6 10. h4 Ne5 11. h5 Nfxg4 12. fxg4 Bxg4 13. Be2 Qd7 14. O-O-O gxh5
15. Rxh5 Bxh5 16. Bxh5 Nxc4 17. Qe2 Nxe3 18. Qxe3 f5 19. Nge2 Rf6 20. Rg1 Kh8
21. Qh3 e6 22. Bg6 h6 23. exf5 exf5 24. Nf4 Rxg6 25. Rxg6 Re8 26. Ne6 Re7 27.
Rxg7 Rxg7 28. Qxh6+ Kg8 29. Qxg7+ Qxg7 30. Nxg7 Kxg7 31. Nb5 Kf6 32. Nxd6 Ke5
33. Nxb7 Kxd5 34. Kd2 a6 35. Ke3 Kc6 36. Na5+ Kb5 37. Nb3 a5 38. a3 c4 39. Nd4+
Ka4 40. Kd2 f4 41. Kc3 f3 42. Nxf3 Kb5 43. Nd2 a4 44. Nxc4 Kc5 45. Nd2 Kb5 46.
Ne4 Ka5 47. Kc4 Kb6 48. Kb4 Ka6 49. Kxa4 Kb6 50. b4 Ka6 51. Kb3 Kb5 52. a4+ Ka6
53. Kc4 Kb6 54. b5 Kb7 55. Kc5 Ka7 56. Kc6 Kb8 57. Kb6 Ka8 58. Kc7 Ka7 59. b6+
1-0

[Event "C.to Regionale Sicilia"]
[Site "Marsala ITA"]
[Date "2011.06.05"]
[Round "5"]
[White "Gueci, Laura"]
[Black "Melograni, Francesco"]
[Result "0-1"]
[WhiteElo "1789"]
[BlackElo "1862"]
[PlyCount "100"]
[EventDate "2011.06.01"]

1. e4 e5 2. Nf3 Nc6 3. d4 exd4 4. Nxd4 Bc5 5. Be3 Qf6 6. c3 Nge7 7. g3 d6 8.
Bg2 O-O 9. O-O Bb6 10. Na3 Ne5 11. h3 N7g6 12. f4 Nc6 13. Qd2 Qe7 14. f5 Nge5
15. g4 f6 16. g5 Kh8 17. Kh1 Qf7 18. Qe2 Bd7 19. Rg1 fxg5 20. Nxc6 Bxc6 21.
Bxb6 axb6 22. Nc2 Rxa2 23. Rxa2 Qxa2 24. Nd4 Bd7 25. Nf3 Nxf3 26. Bxf3 h6 27.
Bh5 Be8 28. Bg4 Qf7 29. Rf1 Bc6 30. Qg2 Qc4 31. Re1 Re8 32. Bf3 Qd3 33. Kh2 Re5
34. Re2 d5 35. Rd2 Qe3 36. Bh5 Qf4+ 37. Kg1 g6 38. fxg6 Rxe4 39. Qf2 Qxf2+ 40.
Rxf2 Re7 41. Rf7 Rxf7 42. gxf7 Kg7 43. Kf2 Bd7 44. Bg4 Bxg4 45. f8=Q+ Kxf8 46.
hxg4 Ke7 47. Ke3 Kd6 48. Kd4 c5+ 49. Kd3 b5 50. Kd2 Ke5 0-1

[Event "C.to Regionale Sicilia"]
[Site "Marsala ITA"]
[Date "2011.06.05"]
[Round "5"]
[White "La Bella, Roberto"]
[Black "Campo, Renato"]
[Result "1-0"]
[WhiteElo "2168"]
[BlackElo "1984"]
[PlyCount "49"]
[EventDate "2011.06.01"]

1. e4 e6 2. d4 d5 3. Nc3 Bb4 4. e5 c5 5. a3 Ba5 6. b4 cxd4 7. Qg4 Ne7 8. bxa5
dxc3 9. Qxg7 Rg8 10. Qxh7 Nbc6 11. f4 Qxa5 12. Nf3 d4 13. Rb1 a6 14. Be2 Rxg2
15. Ng5 Rxg5 16. fxg5 Qxe5 17. Rf1 d3 18. Qxf7+ Kd7 19. cxd3 Nd4 20. Rf2 c2 21.
Rb4 b5 22. Qf6 Qxf6 23. gxf6 Nef5 24. f7 Bb7 25. Rxd4+ 1-0

[Event "C.to Regionale Sicilia"]
[Site "Marsala ITA"]
[Date "2011.06.05"]
[Round "5"]
[White "Marino, Davide"]
[Black "Cerami, Giuseppe"]
[Result "1-0"]
[WhiteElo "1529"]
[BlackElo "1658"]
[PlyCount "107"]
[EventDate "2011.06.01"]

1. e4 e6 2. d4 d5 3. Nd2 c5 4. c3 cxd4 5. cxd4 Nc6 6. Bb5 Bd7 7. Ne2 Nge7 8. e5
a6 9. Bxc6 Nxc6 10. Nf3 Bb4+ 11. Bd2 Rc8 12. Bxb4 Nxb4 13. O-O Bb5 14. Qd2 Bxe2
15. Qxe2 Rc2 16. Qe1 a5 17. Qb1 Rc7 18. Rc1 O-O 19. a3 Nc6 20. Qd3 Qe7 21. Rc3
Rfc8 22. Rac1 h6 23. Qb5 g5 24. h3 h5 25. Nxg5 Nxd4 26. Rxc7 Rxc7 27. Rxc7 Qxc7
28. Qd3 Qc1+ 29. Kh2 Qf4+ 30. Qg3 Qxg3+ 31. Kxg3 Kg7 32. Kf4 Kg6 33. h4 Nc6 34.
Nf3 a4 35. Ne1 f6 36. Nd3 b5 37. f3 b4 38. g4 fxe5+ 39. Nxe5+ Nxe5 40. Kxe5
hxg4 41. fxg4 Kh6 42. Kd4 Kg6 43. Ke5 Kh6 44. Kd4 Kg6 45. Ke5 Kh6 46. g5+ Kh7
47. h5 Kg7 48. g6 Kh6 49. Kxe6 d4 50. Kf7 Kxh5 51. g7 d3 52. g8=Q d2 53. Kf6
Kh4 54. Qd5 1-0

[Event "C.to Regionale Sicilia"]
[Site "Marsala ITA"]
[Date "2011.06.05"]
[Round "5"]
[White "Messina, Pierluigi"]
[Black "Maggio, Baldassare"]
[Result "0-1"]
[WhiteElo "1392"]
[BlackElo "1503"]
[PlyCount "56"]
[EventDate "2011.06.01"]

1. e4 e6 2. d4 d5 3. exd5 exd5 4. Nf3 Nf6 5. Bg5 Be7 6. Bd3 O-O 7. O-O Bg4 8.
Nbd2 c5 9. Bxf6 Bxf6 10. dxc5 Nd7 11. c3 Nxc5 12. Bc2 Qc7 13. Re1 Rfe8 14. Qb1
g6 15. a3 Bg7 16. Qa2 Qd7 17. Red1 Re2 18. Nd4 Re7 19. f3 Be6 20. Nxe6 Nxe6 21.
Nf1 Rd8 22. Rd3 Qb5 23. Rad1 Nf4 24. c4 Qxb2 25. Qxb2 Bxb2 26. Re3 Bd4 27. cxd5
Bxe3+ 28. Nxe3 Rxe3 0-1

[Event "C.to Regionale Sicilia"]
[Site "Marsala ITA"]
[Date "2011.06.05"]
[Round "5"]
[White "Occhipinti, Massimo"]
[Black "Bertino, Giacomo"]
[Result "0-1"]
[WhiteElo "1987"]
[BlackElo "1991"]
[PlyCount "184"]
[EventDate "2011.06.01"]

1. Nf3 Nf6 2. g3 b5 3. Bg2 Bb7 4. d3 e6 5. e4 d5 6. e5 Nfd7 7. d4 c5 8. c3 Nc6
9. O-O Qb6 10. Na3 Rc8 11. Nc2 b4 12. Re1 a5 13. a3 Be7 14. h4 O-O 15. Bh3 bxc3
16. bxc3 cxd4 17. cxd4 Ba6 18. Bf4 Bc4 19. Ne3 Bb3 20. Qd3 a4 21. h5 Bc4 22.
Nxc4 dxc4 23. Qe4 Rfd8 24. Bg5 Bxg5 25. Nxg5 Nf8 26. Qf4 Qa7 27. d5 Rxd5 28.
Qxc4 Rc5 29. Qf4 h6 30. Nf3 Ne7 31. Bg2 Nd5 32. Qh4 Rc4 33. Re4 Rxe4 34. Qxe4
Nd7 35. Nd4 Qc5 36. Ne2 N7b6 37. Bf1 Qe7 38. Nf4 Nxf4 39. Qxf4 Rc3 40. Qb4 Qc7
41. Qd4 Qc5 42. Qxc5 Rxc5 43. Rb1 Nd7 44. f4 Rc3 45. Rd1 Nc5 46. Rd8+ Kh7 47.
Rc8 Rxg3+ 48. Kh2 Rc3 49. Bb5 Ne4 50. Ra8 Rxa3 51. Bxa4 Ra2+ 52. Kh3 Nc3 53.
Bc6 Rxa8 54. Bxa8 Ne2 55. Kg4 f5+ 56. exf6 gxf6 57. Kf3 Nc3 58. Bc6 Kg7 59. Ke3
Kf7 60. Kd4 Ne2+ 61. Ke3 Ng3 62. Bf3 Ke7 63. Kf2 Nf5 64. Bg4 Ng7 65. Ke3 Kd6
66. Kd4 Ke7 67. Bd1 Ne8 68. Kc5 Nd6 69. Bc2 Nf7 70. Bd1 e5 71. fxe5 fxe5 72.
Kd5 Kf6 73. Be2 Nd8 74. Bf3 Ne6 75. Bd1 Nf4+ 76. Ke4 Ne6 77. Be2 Ng5+ 78. Ke3
Kf5 79. Bd1 Ne6 80. Ba4 Kg5 81. Be8 Ng7 82. Bf7 Nf5+ 83. Kf3 e4+ 84. Kf2 Kf4
85. Bg6 e3+ 86. Ke1 Ng3 87. Be8 Kg5 88. Bf7 Kg4 89. Bg6 Nxh5 90. Bxh5+ Kxh5 91.
Ke2 Kg4 92. Kxe3 Kg3 0-1

[Event "C.to Regionale Sicilia"]
[Site "Marsala ITA"]
[Date "2011.06.05"]
[Round "5"]
[White "Piazza, Dario"]
[Black "Schembri, Roberto"]
[Result "1-0"]
[WhiteElo "1751"]
[BlackElo "1527"]
[PlyCount "69"]
[EventDate "2011.06.01"]

1. e4 d6 2. d4 Nf6 3. Nc3 c6 4. f4 Qa5 5. Bd3 e5 6. Nf3 Bg4 7. Be3 Nbd7 8. O-O
Be7 9. Qe1 exf4 10. Bxf4 Bxf3 11. Rxf3 Qb4 12. Be3 Ng4 13. Rb1 O-O 14. a3 Qa5
15. b4 Qc7 16. Bf4 Qb6 17. Ne2 Nge5 18. Rh3 Bf6 19. Qg3 Nxd3 20. Qxd3 Be5 21.
Kh1 Bxf4 22. Nxf4 h6 23. Nh5 Qd8 24. Qg3 g6 25. Qxd6 gxh5 26. Qxh6 Nf6 27. Rg3+
Ng4 28. Qxh5 Re8 29. Rxg4+ Kf8 30. Rf1 Qd7 31. Rgf4 Ke7 32. Rxf7+ Kd8 33. Rxd7+
Kxd7 34. Rf7+ Kc8 35. Qf5+ 1-0